• 首页
  • 本馆介绍
  • 公告通知
  • 最新文献
  • 馆藏检索
  • 电子资源
  • 读者导购
  • 参考咨询
  • 我的图书馆
  • 登录
  • 详细信息显示
  • 放入我的书架
  • 预约/预借图书
  • 作者相关作品
  • 分类相关作品
  • 丛书相关作品
  • 出版社相关作品

书目信息

  • 表格格式
  • 工作单格式
  • 卡片格式
题名:
中国科大逸事
    
 
作者: 丁毅信 主编
分册: (上)  
出版信息: 沈阳   辽海出版社  1999.9
页数: 1-166页
开本: 20cm
丛书名: 中国著名学府逸事文丛
单 册:
中图分类: G649.281
科图分类:
主题词: 学者--生平事迹--中国 , 教育--各级
电子资源:
ISBN: 7-80649-144-9
000 00800nam2 2200253 45
001 0199069392
005 20061220101126.37
010    @a7-80649-144-9@dCNY21.00
100    @a20060904d1999 em y0chiy0121 ea
101 0  @achi
102    @aCN@b210000
105    @af z 000yd
200 1  @a中国科大逸事@AZhong Guo Ke Da Yi Shi@h(上)@H( Shang)@f丁毅信主编@FDing Yi Xin Zhu Bian
210    @a沈阳@c辽海出版社@d1999.9
215    @a1-166页@c照片@d20cm
225 2  @a中国著名学府逸事文丛
330    @a全书包括:科大名师、科大学子、科学风采等三部分主要内容。
410  0 @12001 @a中国著名学府逸事文丛
606    @a学者@x生平事迹@y中国
606 0  @a教育@x各级
690    @aG649.281@v4
701  0 @a丁毅信@ADing Yi Xin@4主编
801  0 @aCN@b中图数据@c20061220
905    @a10447@dG649.281@e278:1
    
    中国科大逸事.(上)/丁毅信主编.-沈阳:辽海出版社,1999.9
    1-166页:照片;20cm.-(中国著名学府逸事文丛)
    
    
    ISBN 7-80649-144-9:CNY21.00
    全书包括:科大名师、科大学子、科学风采等三部分主要内容。
●
相关链接 在E读中查询图书 在五车中查询图书 在当当中查询图书 在豆瓣中查询图书


正题名:中国科大逸事     索取号:G649.281/278:1         预约/预借

序号 登录号 条形码 馆藏地/架位号 状态 备注
1 0624158   206241583   第一样本阅览室/ [索取号:G649.281/278:1] 在馆    
2 0624159   206241592   第四借阅区/ [索取号:G649.281/278:1] 在馆    
3 0624160   206241609   密集书库/ [索取号:G649.281/278:1] 在馆    
4 0624161   206241618   第四借阅区/ [索取号:G649.281/278:1] 在馆    
5 0624162   206241627   密集书库/ [索取号:G649.281/278:1] 在馆    
唐山师范学院图书馆 欢迎您!
大连网信软件有限公司© 版权所有